000 01214ngm a22003250a 4500
001 PT16533
003 AR-LpoUNG
005 20210202000207.0
007 vd cvaizq
008 191001s2001||||ag |||||||||||||||||spa d
037 _c$8.30
040 _aAR-LpoUNG
_bspa
_cAR-LpoUNG
_eaacr
041 _aspa
044 _aag
082 0 _a909 532V3
245 1 0 _aSurge la civilización griega :
_bel pensamiento griego
260 _aBuenos Aires :
_bKalender Video Argentina,
_c2001.
300 _aVHS (56 min.) : son., byn, col.
520 _aLa civilización occidental tiene su fundamento en la civilización griega, cuyos orígenes se pierden en el mito y la epopeya. Orígenes de Grecia en el Mediterráneo en Atenas y Esparta y el nacimiento del pensamiento filosófico en la Jonia asiática. Evolución del pensamiento griego en la persona de sus filósofos, entre los que se destacan Sócrates, los sofistas, Aristóteles y Platón.
650 4 _aEUROPA
650 4 _aGRECIA
650 4 _aMAGIA
650 4 _aMITOLOGIA
650 4 _aSUPERSTICION
653 _aVIDEOS
653 _aVIDEOS DIDACTICOS
710 2 _aMetropolitan Museum of Art (New York)
905 _a16533
942 _cVIDEO
999 _c54314
_d54314